000 00284nam a22001337a 4500
008 170516b xxu||||| |||| 00| 0 eng d
020 _a9781555813567
041 _aeng
080 _a94
100 _a16
101 _aSHH
245 _aPOWER PLAGUES
_cSHERMAN.I.W
942 _2udc
_cBK
999 _c13364
_d13364